Forensic tool for digital evidence collection in operating systems
Na minha lista:
| Autor principal: | |
|---|---|
| Outros Autores: | |
| Formato: | Manuscrito Livro |
| Idioma: | eslovaco inglês |
| Publicado em: |
2019
|
| Assuntos: | |
| Acesso em linha: | http://is.stuba.sk/zp/portal_zp.pl?podrobnosti=134813 |
| Tags: |
Sem tags, seja o primeiro a adicionar uma tag!
|
MARC
| LEADER | 00000ntm a22000003a 4500 | ||
|---|---|---|---|
| 001 | stuzp75223 | ||
| 003 | SK-STU | ||
| 005 | 20190715142219.6 | ||
| 007 | ta | ||
| 008 | 150427s2015----xo-----f-mn---000-0-slo-d | ||
| 040 | |a STU |b slo | ||
| 041 | 0 | |a eng | |
| 044 | |a xo | ||
| 100 | 1 | |a Chreno, Martin |u 070400 |4 aut |U FIIT Fakulta informatiky a informačných technológií |T FIIT Ústav počítačového inžinierstva a aplikovanej informatiky |X 85866 |U I400 |Y 672 |7 85866 | |
| 242 | 0 | 1 | |a Forenzný nástroj na zbieranie digitálnych dôkazov v operačnom systéme |y slo |
| 245 | 1 | 0 | |a Forensic tool for digital evidence collection in operating systems |
| 260 | |c 2019 | ||
| 650 | 4 | |a nestále dáta |2 slo | |
| 650 | 4 | |a forenzný nástroj |2 slo | |
| 650 | 4 | |a operačné systémy |2 slo | |
| 650 | 4 | |a zber údajov |2 slo | |
| 650 | 4 | |a integrita údajov |2 slo | |
| 650 | 4 | |a data collection |2 eng | |
| 650 | 4 | |a volatile data |2 eng | |
| 650 | 4 | |a operating systems |2 eng | |
| 650 | 4 | |a forensic tool |2 eng | |
| 650 | 4 | |a data integrity |2 eng | |
| 700 | 1 | |a Hudec, Ladislav |u 070400 |k Z1 |4 ths |U FIIT Fakulta informatiky a informačných technológií |T FIIT Ústav počítačového inžinierstva a aplikovanej informatiky |X 2081 |U I400 |Y 672 |7 2081 | |
| 856 | 4 | |u http://is.stuba.sk/zp/portal_zp.pl?podrobnosti=134813 | |
| 996 | |c I*BAP7/19 |l II680 |s P |a 0 |w stuzp75223_0001 | ||